00833nam a2200241Ia 450000100060000000300090000600800410001504000130005604000130006904100140008210000190009610000290011524500470014424500470019125000110023826000110024926000120026026000490027230000550032150001520037665000320052865000310056084552IT-RoPAU130308s9999 xx 000 0 und d aIT-RoPAU cIT-RoPAU aIITALIANO aBobba Mario G. gCodice Aut. SPICS: 29394 aData Communications Acronyms and Standards bData Communications Acronyms And Standards a1a ed. aMILANO bJackson c1989 [1° Ed.:1989 - Ed.Ling.Originale:1989] a"64 p. (prefazione: no ; testo: 64 [pagine: 0-0])" aGlossario delle 900 Abbreviazioni Piu' Utilizzate nel Gergo della Comunicazione Dati Elenco delle 400 normative Piu' importanti vigenti nel Settore aENCICLOPEDIE DI INFORMATICA eCodice materia Spics: 4201